August Alsina Discography - Statistics

General Stats
  • This quiz has been taken 9 times
    7 since last reset
  • The average score is 9 of 10
Answer Stats
Year Name Type % Correct
2013 Downtown: Life Under the Gun EP
100%
2014 Testimony Album
100%
2012 The Product Mixtape
100%
2013 The Product 2 Mixtape
100%
2020 The Product III: State of Emergency Album
100%
2015 This Thing Called Life Album
100%
2019 Forever and a Day EP
80%
2011 August Mixtape
60%
2012 August Alsina University Mixtape
60%
2012 Throwback Mixtape
60%
No matching quizzes found
Score Distribution
Percent of People with Each Score
Percentile by Number Answered
Your Score History
You have not taken this quiz since the last reset